000 00938 a2200241 4500
999 _c3622
_d3622
020 _a9781111838065
050 0 0 _aLB 1584 BRO 2013
100 1 _aBrophy, Jere E.
_eAuthor
245 1 0 _aPowerful social studies for elementary students /
_cJere Brophy, Janet Alleman, Anne-Lise Halvorsen
250 _a3rd ed.
264 _aUnited States of America:
_bWadsworth Cengage Learning,
_c2013
300 _axxi, 336 p. :
_bill. (col.)
500 _aIncludes index
650 0 _aSocial sciences
_xStudy and teaching (Elementary)
650 0 _aElementary school teaching.
650 7 _aElementary school teaching.
650 7 _aSocial sciences
_xStudy and teaching (Elementary)
700 1 _aAlleman, Janet.
_eAuthor
700 1 _aHalvorsen, Anne Lise.
_eAuthor
942 _2lcc
_cBK
_e3rd ed.
_h1584
_iBRO
_kLB